00383nam a2200145Ia 4500008004100000020001800041041000800059082001600067100002700083245004300110250000600153260004600159300001500205650001700220210716s2006 xx 000 0 und d a9788126507276 aeng a006.37 PETE aPetroutsos, Evangelos. aMastering microsoft visual basic 2005. a1 aNew DelhibWiley Dreamtech Pvt Ltdc2006 axxiii,1377 aVisual Basic